Nine papers on functional analysis

Saved in:
Bibliographic Details
Other Authors: Berezanskii, IU. M. (IUrii Makarovich)
Format: Book
Language:English
Published: Providence, R.I. : American Mathematical Society, 1970
Series:American Mathematical Society translations ; ; 93; Series 2
Subjects:
Tags: Add Tag
No Tags, Be the first to tag this record!

MARC

LEADER 00000cam a2200000 i 4500
001 1/47335
008 941103s1970 eng d
020 |a 0821817930 
035 |l 10043036 
035 |a 1993  |c ΚΕΡΕΜΙΔΗΣ 
040 |a GR-MY-UA  |b gre  |e aacr 
041 0 |a eng 
082 0 |a 515.7 
245 1 0 |a Nine papers on functional analysis /  |c by Ju. M. Berezanskii...[et al.]. 
260 |a Providence, R.I. :   |b American Mathematical Society,   |c 1970 
300 |a iv, 253 p;  |c 26 cm 
490 1 |a American Mathematical Society translations  |v ; 93; Series 2 
500 |a Translation from Russian 
504 |a Including bibliographies 
650 0 0 |a Functional analysis. 
650 0 0 |a Speeches, addresses, etc. 
700 1 |a Berezanskii, IU. M.  |q (IUrii Makarovich) 
830 0 |a American Mathematical Society translations ;  |v ; 93; Series 2 
852 |a INST  |b SAMOS  |e 19941103  |h 515.7 NIN  |p 005300003894  |q 005300003894  |t BK  |y 0 
909 |a Σ  |b 025877